<?xml version="1.0" encoding="UTF-8"?>
<record
    xmlns:xsi="http://www.w3.org/2001/XMLSchema-instance"
    xsi:schemaLocation="http://www.loc.gov/MARC21/slim http://www.loc.gov/standards/marcxml/schema/MARC21slim.xsd"
    xmlns="http://www.loc.gov/MARC21/slim">

  <leader>01419nam a22002537a 4500</leader>
  <controlfield tag="001">3630</controlfield>
  <controlfield tag="003">FISKH</controlfield>
  <controlfield tag="005">20240401100321.0</controlfield>
  <controlfield tag="008">240401b        cb ||||| |||| 00| 0 eng d</controlfield>
  <datafield tag="020" ind1=" " ind2=" ">
    <subfield code="a">9789996335266</subfield>
  </datafield>
  <datafield tag="040" ind1=" " ind2=" ">
    <subfield code="a">FISKH</subfield>
    <subfield code="b">khr</subfield>
    <subfield code="c">FISKH</subfield>
    <subfield code="d">FISKH</subfield>
  </datafield>
  <datafield tag="050" ind1=" " ind2=" ">
    <subfield code="a">PZ7</subfield>
  </datafield>
  <datafield tag="082" ind1=" " ind2=" ">
    <subfield code="a">495.9</subfield>
  </datafield>
  <datafield tag="100" ind1=" " ind2=" ">
    <subfield code="a">Lis, Chhun </subfield>
  </datafield>
  <datafield tag="245" ind1=" " ind2=" ">
    <subfield code="a">&#x1780;&#x17B6;&#x179A;&#x179F;&#x17D2;&#x178F;&#x17B6;&#x1794;&#x17CB;&#x17A2;&#x178F;&#x17D2;&#x1790;&#x1794;&#x1791; &#x1797;&#x17B6;&#x179F;&#x17B6;&#x1781;&#x17D2;&#x1798;&#x17C2;&#x179A; : </subfield>
    <subfield code="b">&#x1794;&#x178B;&#x1798;&#x1797;&#x17BC;&#x1798;&#x17B7; &#x1793;&#x17B7;&#x1784;&#x1791;&#x17BB;&#x178F;&#x17B7;&#x1799;&#x1797;&#x17BC;&#x1798;&#x17B7; / </subfield>
    <subfield code="c">&#x179A;&#x17C0;&#x1794;&#x179A;&#x17C0;&#x1784;&#x178A;&#x17C4;&#x1799; : &#x179B;&#x17C4;&#x1780; &#x1788;&#x17BB;&#x1793; &#x179B;&#x17B7;&#x17C7; </subfield>
  </datafield>
  <datafield tag="260" ind1=" " ind2=" ">
    <subfield code="a">&#x1797;&#x17D2;&#x1793;&#x17C6;&#x1796;&#x17C1;&#x1789; : </subfield>
    <subfield code="b">&#x1794;&#x178E;&#x17D2;&#x178E;&#x17B6;&#x1782;&#x17B6;&#x179A; &#x1794;&#x1793;&#x17D2;&#x1791;&#x17B6;&#x1799;&#x179F;&#x17D2;&#x179A;&#x17B8;, </subfield>
    <subfield code="c">2012. </subfield>
  </datafield>
  <datafield tag="300" ind1=" " ind2=" ">
    <subfield code="a">152 pages : </subfield>
    <subfield code="c">21 cm </subfield>
  </datafield>
  <datafield tag="520" ind1=" " ind2=" ">
    <subfield code="a">&#x1787;&#x17B6;&#x179F;&#x17C0;&#x179C;&#x1797;&#x17C5;&#x178A;&#x17C2;&#x179B;&#x1785;&#x1784;&#x1780;&#x17D2;&#x179A;&#x1784;&#x17A1;&#x17BE;&#x1784;&#x178A;&#x17BE;&#x1798;&#x17D2;&#x1794;&#x17B8;&#x1787;&#x17B6;&#x1787;&#x17C6;&#x1793;&#x17BD;&#x1799; &#x1793;&#x17B7;&#x1784;&#x178F;&#x1798;&#x17D2;&#x179A;&#x17BC;&#x179C;&#x1780;&#x17B6;&#x179A;&#x1785;&#x17B6;&#x17C6;&#x1794;&#x17B6;&#x1785; &#x179F;&#x1798;&#x17D2;&#x179A;&#x17B6;&#x1794;&#x17CB;&#x179B;&#x17C4;&#x1780;&#x1782;&#x17D2;&#x179A;&#x17BC;&#x17A2;&#x17D2;&#x1793;&#x1780;&#x1782;&#x17D2;&#x179A;&#x17BC; &#x1793;&#x17C5;&#x1780;&#x17D2;&#x1793;&#x17BB;&#x1784;&#x1780;&#x17B6;&#x179A;&#x1794;&#x1784;&#x17D2;&#x17A0;&#x17B6;&#x178F;&#x17CB;&#x1794;&#x1784;&#x17D2;&#x179A;&#x17C0;&#x1793;&#x178A;&#x179B;&#x17CB;&#x179F;&#x17B7;&#x179F;&#x17D2;&#x179F;&#x17B6;&#x1793;&#x17BB;&#x179F;&#x17B7;&#x179F;&#x17D2;&#x179F;&#x178A;&#x17C2;&#x179B;&#x1787;&#x17B6;&#x1780;&#x17BB;&#x179B;&#x1794;&#x17BB;&#x178F;&#x17D2;&#x179A;&#x1781;&#x17D2;&#x1798;&#x17C2;&#x179A;&#x17D4;&#x200B;</subfield>
  </datafield>
  <datafield tag="520" ind1=" " ind2=" ">
    <subfield code="a">A book compiled to be an aid and a necessity for teachers in the training of students who are of Khmer descent.</subfield>
  </datafield>
  <datafield tag="650" ind1=" " ind2=" ">
    <subfield code="a">&#x179F;&#x17C0;&#x179C;&#x200B;&#x1797;&#x17C5;&#x17A2;&#x17C6;&#x178E;&#x17B6;&#x1793; </subfield>
    <subfield code="x">&#x179F;&#x17C0;&#x179C;&#x1797;&#x17C5;&#x1787;&#x17C6;&#x1793;&#x17BD;&#x1799;&#x1794;&#x1793;&#x17D2;&#x1790;&#x17C2;&#x1798; </subfield>
  </datafield>
  <datafield tag="650" ind1=" " ind2=" ">
    <subfield code="a">Reading Book  &#x17A2;&#x17B6;&#x1793;</subfield>
    <subfield code="x">Extra Book </subfield>
  </datafield>
  <datafield tag="942" ind1=" " ind2=" ">
    <subfield code="2">ddc</subfield>
    <subfield code="c">KHB</subfield>
    <subfield code="n">0</subfield>
  </datafield>
  <datafield tag="999" ind1=" " ind2=" ">
    <subfield code="c">3630</subfield>
    <subfield code="d">3630</subfield>
  </datafield>
  <datafield tag="952" ind1=" " ind2=" ">
    <subfield code="0">0</subfield>
    <subfield code="1">0</subfield>
    <subfield code="2">ddc</subfield>
    <subfield code="4">0</subfield>
    <subfield code="7">0</subfield>
    <subfield code="8">REF</subfield>
    <subfield code="a">001</subfield>
    <subfield code="b">001</subfield>
    <subfield code="c">OKHR</subfield>
    <subfield code="d">2024-04-01</subfield>
    <subfield code="l">0</subfield>
    <subfield code="o">LIS 495.9 PZ7 </subfield>
    <subfield code="p">2024-0426</subfield>
    <subfield code="r">2024-04-01 10:03:15</subfield>
    <subfield code="w">2024-04-01</subfield>
    <subfield code="y">KHB</subfield>
  </datafield>
</record>
